000 00282nam a22001217a 4500
008 260424b |||||||| |||| 00| 0 eng d
082 _a001056
100 _aNarayanachar, K S
245 _aNaladamayanti
260 _aHubli
_bSahitya Prakashana
_c2018
300 _a152p
942 _2ddc
999 _c1296
_d1296